000 00549nam a2200193Ia 4500
005 20230714142315.0
008 210716s2005 xx 000 0 und d
020 _a8183330525
040 _cAIMIT LLIBRARY
041 _aeng
082 _a005.133
_26
_b KANY
100 _aKanetkar, Yashavant P.
_9126890
245 _aLet us c /
_cYashavant P. Kanethar.
250 _a6th ed.
260 _aNew Delhi :
_bBPB Publications ,
_c2005.
300 _axix,756p.
_bPB
_c21.5 cm
650 _aC Programming
_9126891
942 _2ddc
_cBK
_e6th
_k005.133 KANY
999 _c187419
_d187419